| 000 | 00824cam a22002171a 4500 | ||
|---|---|---|---|
| 001 | sa 67006299 | ||
| 003 | DLC | ||
| 005 | 20260227112405.0 | ||
| 008 | 900105s1966 ii 000 0 hino | ||
| 010 | _asa 67006299 | ||
| 035 | _a(OCoLC)20851075 | ||
| 040 |
_aDLC _cWaU _dNRU _dWU _dDLC |
||
| 042 | _apremarc | ||
| 050 | 0 | 0 |
_aPN6519.I4 _bS8 |
| 100 | 1 | _aŚukla, Śrīkr̥shna. | |
| 245 | 1 | 0 |
_aLokokti-sāra saṅgraha : _bjisame Hindī ke cune hue 500 muhāvaroṃ aura kahāvatoṃ kā uttama saṅgraha artha aura vākyoṃ meṃ prayoga sahita tathā Saṇskr̥ta kī 100 sundara sūktiyam̐ artha sahita saṅgrahīta haiṃ / _cLekhaka Śrīkr̥shṇa Śukla. |
| 260 |
_aVārāṇasī : _bBāla-hitaishī Pustakamālā, _c[1966] |
||
| 300 |
_a2, 102 p. ; _c18 cm. |
||
| 500 | _aIn Hindi. | ||
| 650 | 0 | _aProverbs, Hindi. | |
| 999 |
_c75841 _d75841 |
||